000 00245nam a2200097Ia 4500
001 712317
005 20250826162825.0
008 250824s9999 xx 000 0 und d
245 0 _aHZ. MEVLANA
_cSİNAN YAĞMUR
260 _bKARATAY AKADEMİ YAYINLARI
999 _c712317
_d712317